000 00314nam a22001457a 4500
008 221121b ||||| |||| 00| 0 eng d
020 _a9780465049349
041 _aeng
080 _a159.9
082 _a159.9EDE
100 _a25
101 _aPSI
245 _aNEURAL DRAWINISM
_cEDELMAN M.G
942 _2udc
_cBK
999 _c58963
_d58963